[Event "Petrosian Memorial open 2012 Dimitrovgr"]
[Site " Dimitrovgrad"]
[Date "2012.06.16"]
[Round "1"]
[White "Yakimkin, Igor"]
[Black "Alyev, Timur"]
[Result "1-0"]
[WhiteElo "2240"]
[BlackElo "1747"]
[PlyCount "25"]

1. e4 e5 2. Nf3 Nc6 3. d4 exd4 4. Nxd4 Nxd4 5. Qxd4 Qf6 6. e5 Qd8 7. Nc3 d6 8.
Bf4 Bf5 9. O-O-O c5 10. Qe3 Be7 11. exd6 Be6 12. Bb5+ Kf8 13. dxe7+ 1-0

[Event "Petrosian Memorial open 2012 Dimitrovgr"]
[Site " Dimitrovgrad"]
[Date "2012.06.16"]
[Round "1"]
[White "Lebedev, Viktor"]
[Black "Ulanov, Sergei"]
[Result "0-1"]
[WhiteElo "1719"]
[BlackElo "2118"]
[PlyCount "100"]

1. d4 c5 2. Nf3 cxd4 3. Nxd4 Nc6 4. e3 d5 5. Bd3 e5 6. Nxc6 bxc6 7. O-O Nf6 8.
c4 Bd6 9. cxd5 cxd5 10. Qa4+ Bd7 11. Bb5 O-O 12. Bxd7 Nxd7 13. Nd2 Nc5 14. Qg4
f5 15. Qe2 e4 16. b4 Nd3 17. a3 a5 18. bxa5 Qxa5 19. Nb3 Qc3 20. Rb1 Rfb8 21.
Bd2 Qc7 22. Bb4 Bxh2+ 23. Kh1 Be5 24. f4 Bf6 25. Nc1 Nxb4 26. axb4 d4 27. exd4
Bxd4 28. Nb3 Bb6 29. Qh5 g6 30. Qg5 Qd8 31. Qh6 Qe7 32. Na5 Qg7 33. Qxg7+ Kxg7
34. Nc6 Rb7 35. b5 Ra3 36. Ne5 Bc7 37. Rfc1 Ra5 38. Rc5 Bxe5 39. Rxe5 Rb6 40.
Rc5 Kh6 41. Rb3 Kh5 42. Rh3+ Kg4 43. Kh2 Raxb5 44. Rg3+ Kxf4 45. Rc7 h6 46. Rg7
g5 47. Rh3 Rb3 48. g3+ Kf3 49. Rf7 Rb2+ 50. Kg1 Rg2+ 0-1

[Event "Petrosian Memorial open 2012 Dimitrovgr"]
[Site " Dimitrovgrad"]
[Date "2012.06.16"]
[Round "1"]
[White "Rudnev, Yuri"]
[Black "Abbasov, Orudj"]
[Result "1/2-1/2"]
[WhiteElo "2080"]
[BlackElo "1717"]
[PlyCount "131"]

1. e4 d6 2. d4 g6 3. Nc3 Bg7 4. f4 e6 5. Nf3 Ne7 6. Be3 b6 7. Qd2 Bb7 8. O-O-O
Nd7 9. h3 Nf6 10. Bd3 O-O 11. g4 c5 12. g5 Nh5 13. Qf2 Qc8 14. Be2 Ba6 15. dxc5
Bxe2 16. Nxe2 bxc5 17. c3 Qa6 18. Kb1 Rab8 19. e5 Qb5 20. Rd2 Nd5 21. Rc1 Nxe3
22. Qxe3 d5 23. c4 d4 24. cxb5 dxe3 25. Rd3 Rxb5 26. Rxe3 Rfb8 27. b3 Rb4 28.
Rxc5 Nxf4 29. Nxf4 Rxf4 30. Nd2 Bf8 31. Rc7 a5 32. Rf3 Rxf3 33. Nxf3 a4 34. Kc2
a3 35. Nd2 Rd8 36. Kc3 Rd5 37. Nc4 Rd1 38. Rc8 Kg7 39. Ra8 Ra1 40. b4 Rc1+ 41.
Kb3 Rb1+ 42. Kxa3 Bxb4+ 43. Ka4 Be7 44. a3 Bxg5 45. Ra7 Bh4 46. Nd6 Rf1 47. Kb5
Rb1+ 48. Kc6 Rc1+ 49. Kd7 Rc5 50. Ke8 Rxe5 51. Rxf7+ Kh6 52. Rf4 Kh5 53. Rf7 h6
54. Kd7 Ra5 55. Rf3 e5 56. Ke6 g5 57. Re3 Bf2 58. Rxe5 Rxa3 59. Ne4 Bg3 60. Rc5
Kh4 61. Kf5 Kxh3 62. Kg6 Ra6+ 63. Kh5 Bb8 64. Rc3+ Kg2 65. Nxg5 hxg5 66. Kxg5
1/2-1/2

[Event "Petrosian Memorial open 2012 Dimitrovgr"]
[Site " Dimitrovgrad"]
[Date "2012.06.16"]
[Round "1"]
[White "Ishpulaeva, Veronika"]
[Black "Rusakov, Vladimir"]
[Result "0-1"]
[WhiteElo "1623"]
[BlackElo "2060"]
[PlyCount "40"]

1. e4 d6 2. Nf3 Nf6 3. Nc3 g6 4. d4 Bg7 5. Bc4 O-O 6. O-O Nbd7 7. Re1 e5 8.
dxe5 Nxe5 9. Nxe5 dxe5 10. Be3 c6 11. Qd3 Qe7 12. h3 Rd8 13. Qe2 b5 14. Bb3 b4
15. Na4 Nxe4 16. Bxa7 Ng3 17. fxg3 Rxa7 18. Nb6 Ba6 19. Qe3 e4 20. Rab1 Bd4 0-1

[Event "Petrosian Memorial open 2012 Dimitrovgr"]
[Site " Dimitrovgrad"]
[Date "2012.06.16"]
[Round "1"]
[White "Beldyugin, Alexey"]
[Black "Elkina, Yuliya"]
[Result "1-0"]
[WhiteElo "2033"]
[BlackElo "1605"]
[PlyCount "99"]

1. c4 e6 2. g3 d5 3. Nf3 Nf6 4. Bg2 c6 5. O-O Be7 6. b3 O-O 7. Bb2 Nbd7 8. d3
Qc7 9. Nbd2 e5 10. cxd5 Nxd5 11. Nc4 f6 12. e4 N5b6 13. d4 Nxc4 14. bxc4 exd4
15. Nxd4 Nc5 16. Qc2 Ne6 17. Nb3 Nc5 18. f4 Nxb3 19. axb3 Bc5+ 20. Kh1 Be6 21.
e5 fxe5 22. Bxe5 Bd6 23. Bb2 Qf7 24. Qc3 Bf5 25. Ra5 Bg4 26. Rg5 Qf6 27. Qxf6
Rxf6 28. Bxf6 Kf7 29. Rxg7+ Kxf6 30. Rxg4 h5 31. Rg5 Rh8 32. Rd1 Bb8 33. h4 Rh7
34. Rd8 Bc7 35. Rf8+ Ke6 36. Bh3+ Ke7 37. Rff5 a6 38. Rxh5 Rg7 39. g4 b5 40.
cxb5 cxb5 41. Rhg5 Rxg5 42. fxg5 b4 43. g6 Be5 44. Kg2 Bc3 45. Kf3 Kd6 46. h5
Kc6 47. h6 Kb6 48. g7 Bxg7 49. hxg7 a5 50. g8=Q 1-0

[Event "Petrosian Memorial open 2012 Dimitrovgr"]
[Site " Dimitrovgrad"]
[Date "2012.06.16"]
[Round "1"]
[White "Sychov, Vladimir"]
[Black "Lazutin, Valerij"]
[Result "0-1"]
[WhiteElo "1539"]
[BlackElo "1975"]
[PlyCount "112"]

1. d4 d5 2. e3 Nf6 3. h3 e6 4. Bd2 Bd6 5. a3 O-O 6. Nf3 Nbd7 7. Be2 c6 8. Nc3
Re8 9. O-O e5 10. dxe5 Nxe5 11. Nxe5 Bxe5 12. f4 Bxc3 13. bxc3 Ne4 14. Bf3 Qf6
15. Bxe4 Rxe4 16. Qf3 b5 17. Rab1 Ra4 18. Rb3 Bf5 19. Rc1 Qg6 20. Rb2 Be4 21.
Qg4 Qxg4 22. hxg4 Rxa3 23. Kf2 Ra4 24. g3 Kf8 25. g5 Ke7 26. g4 Rh8 27. Rg1 h6
28. Be1 hxg5 29. fxg5 Rh2+ 30. Kg3 Rxc2 31. Rxc2 Bxc2 32. Rg2 Be4 33. Rb2 Ra1
34. Bf2 a5 35. Kf4 Ke6 36. Rd2 Rc1 37. Ra2 a4 38. Ra3 Kd6 39. Kg3 Kc5 40. Kf4
Kc4 41. Ke5 Rxc3 42. Ra1 Kb3 43. Re1 a3 44. Kd6 a2 45. Ra1 Kb2 46. Bg3 Rxe3 47.
Be5+ Kb3 48. Bxg7 b4 49. Kxc6 d4+ 50. Kc5 d3 51. Be5 d2 52. Bf4 Re1 53. Rxa2
d1=Q 54. Rd2 Qxg4 55. Rf2 Qc8+ 56. Kd4 Qc3# 0-1

[Event "Petrosian Memorial open 2012 Dimitrovgr"]
[Site " Dimitrovgrad"]
[Date "2012.06.16"]
[Round "1"]
[White "Akimov, Gennadiy"]
[Black "Turaev, Rahmon"]
[Result "1-0"]
[WhiteElo "1925"]
[BlackElo "1526"]
[PlyCount "85"]

1. b4 e6 2. Bb2 Nf6 3. b5 d5 4. e3 c5 5. Nf3 Bd6 6. Be2 Bd7 7. O-O a6 8. bxa6
Nxa6 9. d3 b5 10. Nbd2 O-O 11. c4 Nb4 12. a3 Na6 13. Ne5 dxc4 14. dxc4 b4 15.
Bf3 Rb8 16. a4 Qc7 17. Nxd7 Nxd7 18. h3 Be5 19. Qc1 f5 20. Nb3 Bxb2 21. Qxb2
Qe5 22. Qe2 Nb6 23. Bc6 Rfd8 24. Bb5 Nc7 25. f4 Qd6 26. Rfd1 Qe7 27. Rxd8+ Rxd8
28. a5 Nxb5 29. cxb5 Na8 30. Qc4 Rd5 31. b6 Qd7 32. Nxc5 Qc6 33. Rc1 Nxb6 34.
axb6 Qxb6 35. Kh2 Kf7 36. e4 fxe4 37. Nxe4 Rd4 38. Ng5+ Ke7 39. Qc8 Rd7 40. Rc6
Qe3 41. Rxe6+ Qxe6 42. Nxe6 Kxe6 43. Qc4+ 1-0

[Event "Petrosian Memorial open 2012 Dimitrovgr"]
[Site " Dimitrovgrad"]
[Date "2012.06.16"]
[Round "1"]
[White "Koblik, Ekaterina"]
[Black "Plychek, Viktor"]
[Result "0-1"]
[WhiteElo "1508"]
[BlackElo "1823"]
[PlyCount "100"]

1. e4 e5 2. Nf3 Nf6 3. Nxe5 Nxe4 4. Qe2 Qe7 5. Qxe4 d6 6. d4 f5 7. Qe3 dxe5 8.
dxe5 Nd7 9. f4 Qc5 10. Nc3 a6 11. Bd3 g6 12. Bd2 b5 13. a3 Bb7 14. Rg1 Qxe3+
15. Bxe3 Bc5 16. Bxc5 Nxc5 17. O-O-O O-O-O 18. g3 Ne6 19. Be2 Nd4 20. Rd2 c5
21. Rgd1 Rd7 22. b4 cxb4 23. Rxd4 Rxd4 24. Rxd4 bxc3 25. Rd3 Kc7 26. Rxc3+ Kb6
27. Rb3 Bd5 28. c4 Rc8 29. Rb4 Ka5 30. Kb2 bxc4 31. Kc3 Bg2 32. Rxc4 Rb8 33.
Rb4 Rc8+ 34. Rc4 Rb8 35. e6 Re8 36. Rc5+ Kb6 37. Re5 Re7 38. Bc4 Bb7 39. a4 Bc8
40. a5+ Kc6 41. Kd3 Kd6 42. Kd4 Bb7 43. Bd5 Bc8 44. h3 h6 45. g4 fxg4 46. hxg4
Bxe6 47. Bxe6 Rxe6 48. Rxe6+ Kxe6 49. Kc5 h5 50. gxh5 gxh5 0-1

[Event "Petrosian Memorial open 2012 Dimitrovgr"]
[Site " Dimitrovgrad"]
[Date "2012.06.16"]
[Round "1"]
[White "Bezvitelnov, Dmitriy"]
[Black "Abrashkov, Vadim"]
[Result "1-0"]
[WhiteElo "1796"]
[BlackElo "1500"]
[PlyCount "87"]

1. d4 Nf6 2. Nf3 d5 3. c4 c6 4. e3 Bg4 5. Nc3 a6 6. cxd5 cxd5 7. Qb3 b5 8. Ne5
e6 9. Bd2 Bd6 10. f3 Bf5 11. g4 Bg6 12. h4 h6 13. Nxg6 fxg6 14. Bd3 Kf7 15. Qc2
g5 16. Bg6+ Ke7 17. hxg5 hxg5 18. Kf2 Rh6 19. Rxh6 gxh6 20. Rh1 Qf8 21. Kg2 Nc6
22. Nxd5+ Nxd5 23. Qxc6 Qc8 24. Qxc8 Rxc8 25. Rxh6 Nf6 26. Bb1 Kf7 27. e4 Bf4
28. Bxf4 gxf4 29. Rh1 Rc4 30. Rd1 Ke7 31. Rd2 Rc1 32. Bd3 Nd7 33. e5 Nb6 34.
Kh3 Rh1+ 35. Kg2 Rc1 36. g5 Nd5 37. Kf2 Ne3 38. Bh7 Rh1 39. g6 Rh2+ 40. Ke1
Nc2+ 41. Rxc2 Rxc2 42. g7 Rg2 43. g8=Q Rxg8 44. Bxg8 1-0

[Event "Petrosian Memorial open 2012 Dimitrovgr"]
[Site " Dimitrovgrad"]
[Date "2012.06.17"]
[Round "2"]
[White "Plychek, Viktor"]
[Black "Yakimkin, Igor"]
[Result "0-1"]
[WhiteElo "1823"]
[BlackElo "2240"]
[PlyCount "141"]

1. c4 e5 2. Nc3 Nf6 3. e4 Bc5 4. d3 c6 5. a3 a5 6. h3 O-O 7. Bg5 d6 8. g4 Be6
9. Bg2 Nbd7 10. Nge2 Rb8 11. Qd2 b5 12. b3 Qb6 13. O-O Rfe8 14. Bh4 bxc4 15.
bxc4 Qb2 16. Rfd1 Qxd2 17. Rxd2 Rb3 18. a4 Reb8 19. Raa2 Ne8 20. Bf1 Nc7 21.
Kg2 Na6 22. Ra1 Bb4 23. Rc2 Nac5 24. Rd1 Ra3 25. d4 exd4 26. Rxd4 Nxa4 27. Nxa4
Rxa4 28. Nf4 Bc5 29. Rdd2 Ra1 30. Ra2 Rxf1 31. Nxe6 Rbb1 32. Nxc5 Rg1+ 33. Kf3
Nxc5 34. Rxa5 Rb3+ 35. Ke2 h6 36. f3 Ne6 37. Kf2 Rbb1 38. Ke3 Rh1 39. Ra3 Rxh3
40. Be7 Rc1 41. Rxd6 Rxc4 42. Rdd3 Rc1 43. Rac3 Re1+ 44. Kd2 Rhh1 45. Bd6 Rd1+
46. Ke2 Ra1 47. Rd2 Ng5 48. Bf4 Rae1+ 49. Kd3 Nxf3 50. Re2 Rxe2 51. Kxe2 Nd4+
52. Kf2 Ne6 53. Bd6 Ng5 54. Rc4 Rh4 55. Kg3 Rh3+ 56. Kg2 Re3 57. e5 Re2+ 58.
Kf1 Re4 59. Rxc6 Rxg4 60. Rc8+ Kh7 61. Rc7 h5 62. Rc3 Kg6 63. Rc2 h4 64. Be7
Nf3 65. e6 fxe6 66. Rf2 Ng5 67. Rh2 e5 68. Ke2 Ra4 69. Rg2 Ra2+ 70. Kf1 Rxg2
71. Kxg2 0-1

[Event "Petrosian Memorial open 2012 Dimitrovgr"]
[Site " Dimitrovgrad"]
[Date "2012.06.17"]
[Round "2"]
[White "Ulanov, Sergei"]
[Black "Akimov, Gennadiy"]
[Result "0-1"]
[WhiteElo "2118"]
[BlackElo "1925"]
[PlyCount "32"]

1. Nf3 f5 2. e4 fxe4 3. Ng5 Nf6 4. d3 e6 5. Nc3 Bb4 6. dxe4 O-O 7. Bd3 h6 8. e5
Nd5 9. Nge4 Nc6 10. Bd2 Bxc3 11. bxc3 Nxe5 12. Be2 Qh4 13. Ng3 b6 14. O-O Bb7
15. f3 Nf4 16. Be1 Qg5 0-1

[Event "Petrosian Memorial open 2012 Dimitrovgr"]
[Site " Dimitrovgrad"]
[Date "2012.06.17"]
[Round "2"]
[White "Rusakov, Vladimir"]
[Black "Bezvitelnov, Dmitriy"]
[Result "1/2-1/2"]
[WhiteElo "2060"]
[BlackElo "1796"]
[PlyCount "55"]

1. e4 e5 2. Bc4 Nf6 3. d4 exd4 4. Nf3 d5 5. exd5 Bb4+ 6. c3 Qe7+ 7. Be2 dxc3 8.
bxc3 Bc5 9. O-O O-O 10. Bg5 h6 11. Bh4 Qd6 12. c4 Bg4 13. Nc3 a6 14. Re1 Bb4
15. Qb3 Bxc3 16. Qxc3 Nbd7 17. Qd4 Rfe8 18. Bg3 Qb4 19. Bxc7 Re4 20. Qd1 Qc5
21. Bg3 Rae8 22. Qd2 Nb6 23. h3 Bxf3 24. gxf3 Nxc4 25. Bxc4 Rxe1+ 26. Rxe1
Rxe1+ 27. Qxe1 Qxc4 28. d6 1/2-1/2

[Event "Petrosian Memorial open 2012 Dimitrovgr"]
[Site " Dimitrovgrad"]
[Date "2012.06.17"]
[Round "2"]
[White "Guliev, Fahrutdin"]
[Black "Beldyugin, Alexey"]
[Result "0-1"]
[WhiteElo "1783"]
[BlackElo "2033"]
[PlyCount "78"]

1. d4 Nc6 2. Nf3 d6 3. h3 e5 4. dxe5 Nxe5 5. Nxe5 dxe5 6. Qxd8+ Kxd8 7. e3 Be6
8. Be2 c6 9. O-O Bc5 10. b3 Ne7 11. Bb2 f6 12. c4 Kc7 13. Nc3 a5 14. Rad1 Ng6
15. Ne4 Be7 16. Bh5 a4 17. c5 axb3 18. axb3 Bxb3 19. Ra1 Bd5 20. Nd6 Bxd6 21.
cxd6+ Kxd6 22. Rad1 Kc7 23. Bg4 Rhd8 24. Bf5 Bc4 25. Rfe1 Rxd1 26. Rxd1 Rd8 27.
Rc1 Bb5 28. Bc3 Bd3 29. Bg4 Ra8 30. Rd1 e4 31. Bf5 Ne7 32. Bxh7 Rh8 33. Bb4 Nd5
34. Bd6+ Kxd6 35. Bxe4 Bxe4 36. f3 Bc2 37. Rd2 Bb3 38. e4 Ke5 39. exd5 Bxd5 0-1

[Event "Petrosian Memorial open 2012 Dimitrovgr"]
[Site " Dimitrovgrad"]
[Date "2012.06.17"]
[Round "2"]
[White "Lazutin, Valerij"]
[Black "Skulkin, Nikolay"]
[Result "1-0"]
[WhiteElo "1975"]
[BlackElo "1772"]
[PlyCount "103"]

1. d4 Nf6 2. c4 d5 3. e3 Bf5 4. Nc3 e6 5. Nf3 h6 6. Qb3 b6 7. Ne5 Be7 8. Qb5+
Kf8 9. Be2 Qd6 10. O-O c6 11. Qa4 Nfd7 12. f4 f6 13. a3 fxe5 14. fxe5 Qc7 15.
g4 g6 16. cxd5 cxd5 17. Bd2 a6 18. Rac1 Qd8 19. Nxd5 exd5 20. gxf5 gxf5 21.
Rxf5+ Kg7 22. Kh1 Rf8 23. Qc2 Kh8 24. Rcf1 Rg8 25. Bh5 Nf8 26. e4 Ne6 27. Rf7
Bg5 28. exd5 Rg7 29. dxe6 Qd5+ 30. Bf3 Qxe6 31. Bxa8 Rxf7 32. Rxf7 Qxf7 33. Kg2
Nd7 34. Bxg5 hxg5 35. Qe2 Nf8 36. Qf3 Qe7 37. Qe4 Kg7 38. d5 Ng6 39. e6 Qf6 40.
Kg3 Qf4+ 41. Qxf4 gxf4+ 42. Kg4 Kf6 43. Bb7 a5 44. Ba6 Ke5 45. Bd3 Ne7 46. Bc4
b5 47. Ba2 Ng6 48. h3 Ne7 49. h4 Nf5 50. h5 Ne7 51. h6 Ng8 52. Kf3 1-0

[Event "Petrosian Memorial open 2012 Dimitrovgr"]
[Site " Dimitrovgrad"]
[Date "2012.06.17"]
[Round "2"]
[White "Hafijtullin, Gazimbek"]
[Black "Rudnev, Yuri"]
[Result "1/2-1/2"]
[WhiteElo "1770"]
[BlackElo "2080"]
[PlyCount "91"]

1. e4 c5 2. Nf3 d6 3. Bc4 Nf6 4. e5 dxe5 5. Nxe5 e6 6. Nc3 a6 7. a4 Bd6 8. Ng4
Nbd7 9. d3 h6 10. Qf3 Qc7 11. h3 Rb8 12. Nxf6+ gxf6 13. Ne4 Be5 14. c3 b5 15.
axb5 axb5 16. Ba2 Bb7 17. g4 Ke7 18. Be3 Ra8 19. d4 cxd4 20. cxd4 Qc2 21. dxe5
Bxe4 22. exf6+ Kd8 23. Qg3 Qxb2 24. O-O Qxf6 25. f3 Bd5 26. Qd6 Rxa2 27. Rxa2
Bxa2 28. Bd4 e5 29. Qxf6+ Nxf6 30. Bxe5 Ke7 31. Re1 Be6 32. Rb1 Rc8 33. Rxb5
Nd5 34. Rb7+ Bd7 35. Kf2 f6 36. Bb2 Ke6 37. Kg3 Rc4 38. Rb8 Bc6 39. Rh8 Rb4 40.
Bxf6 Rb3 41. Rxh6 Nb4 42. Bc3+ Kd7 43. Bxb4 Rxb4 44. f4 Rb3+ 45. Kh4 Bg2 46.
Kg5 1/2-1/2

[Event "Petrosian Memorial open 2012 Dimitrovgr"]
[Site " Dimitrovgrad"]
[Date "2012.06.17"]
[Round "2"]
[White "Alyev, Timur"]
[Black "Koblik, Ekaterina"]
[Result "1-0"]
[WhiteElo "1747"]
[BlackElo "1508"]
[PlyCount "77"]

1. e4 e5 2. Nf3 Nc6 3. Bc4 Bc5 4. d3 h6 5. O-O Nf6 6. Nc3 d6 7. h3 Be6 8. Nd5
Bxd5 9. Bxd5 Nxd5 10. exd5 Nd4 11. Nxd4 Bxd4 12. c3 Bb6 13. Qg4 Qf6 14. Be3 c5
15. dxc6 bxc6 16. Qa4 O-O 17. Bxb6 axb6 18. Qxc6 Rab8 19. Qe4 g5 20. Rad1 Rfe8
21. d4 exd4 22. Qxd4 Qxd4 23. Rxd4 Re6 24. Rfd1 Rd8 25. Rb4 Rb8 26. a4 Rbe8 27.
Rxb6 Re1+ 28. Rxe1 Rxe1+ 29. Kh2 Rd1 30. a5 Ra1 31. a6 d5 32. b4 Kf8 33. Rb8+
Ke7 34. Rb7+ Kd8 35. b5 Ra5 36. a7 Kc8 37. Rb8+ Kc7 38. a8=Q Rxa8 39. Rxa8 1-0

[Event "Petrosian Memorial open 2012 Dimitrovgr"]
[Site " Dimitrovgrad"]
[Date "2012.06.17"]
[Round "2"]
[White "Turaev, Rahmon"]
[Black "Lebedev, Viktor"]
[Result "1/2-1/2"]
[WhiteElo "1526"]
[BlackElo "1719"]
[PlyCount "73"]

1. e4 c6 2. d4 d5 3. e5 Bf5 4. Bd3 Bg6 5. Nf3 e6 6. Bg5 Be7 7. Be3 a6 8. Bxg6
hxg6 9. Nbd2 Nd7 10. a3 c5 11. c4 cxd4 12. Bxd4 dxc4 13. Nxc4 Nh6 14. Bc3 O-O
15. O-O Qc7 16. Qe2 b5 17. Ncd2 Rad8 18. Rac1 Qb7 19. Rc2 Nf5 20. Ba5 Rc8 21.
Rfc1 Rxc2 22. Rxc2 Nb6 23. g4 Nh4 24. Nxh4 Bxh4 25. Bxb6 Qxb6 26. Kg2 Rd8 27.
f4 Qd4 28. Nf3 Qd5 29. Rd2 Qa8 30. g5 Rxd2 31. Qxd2 f6 32. Qd6 fxg5 33. Qxe6+
Kh7 34. Qh3 Qe4 35. fxg5 Qe2+ 36. Kg1 Qe3+ 37. Kg2 1/2-1/2

[Event "Petrosian Memorial open 2012 Dimitrovgr"]
[Site " Dimitrovgrad"]
[Date "2012.06.17"]
[Round "2"]
[White "Abrashkov, Vadim"]
[Black "Ishpulaeva, Veronika"]
[Result "0-1"]
[WhiteElo "1500"]
[BlackElo "1623"]
[PlyCount "86"]

1. d4 Nf6 2. c4 e6 3. Nc3 Bb4 4. Bd2 c5 5. d5 exd5 6. cxd5 d6 7. Nf3 O-O 8. e3
Nbd7 9. Bc4 Nb6 10. b3 Bg4 11. h3 Bh5 12. O-O Nfd7 13. Ne4 Bxd2 14. Nexd2 Ne5
15. g4 Bg6 16. Nxe5 dxe5 17. e4 Qg5 18. f3 f5 19. Kh1 fxg4 20. fxg4 Nxc4 21.
bxc4 Rxf1+ 22. Nxf1 Bxe4+ 23. Kg1 Qf4 24. Qb3 Rf8 25. Qe3 Qf3 26. Qxf3 Rxf3 27.
Nd2 Rf4 28. Re1 Bd3 29. Rxe5 Bxc4 30. d6 Bb5 31. Rxc5 Bc6 32. Nc4 Rd4 33. Kf2
Kf8 34. Ke3 Rd5 35. Rxd5 Bxd5 36. Kd4 Bxc4 37. Kxc4 Ke8 38. Kc5 Kd7 39. a4 h6
40. h4 Ke6 41. a5 Kd7 42. g5 hxg5 43. hxg5 b6+ 0-1

[Event "Petrosian Memorial open 2012 Dimitrovgr"]
[Site " Dimitrovgrad"]
[Date "2012.06.17"]
[Round "3"]
[White "Yakimkin, Igor"]
[Black "Lazutin, Valerij"]
[Result "1-0"]
[WhiteElo "2240"]
[BlackElo "1975"]
[PlyCount "59"]

1. e4 c6 2. d4 d5 3. e5 Bf5 4. Nf3 e6 5. Be2 c5 6. O-O Nc6 7. dxc5 Bxc5 8. c3
Nge7 9. Nbd2 Ng6 10. Nb3 Bb6 11. Bb5 O-O 12. Bxc6 bxc6 13. Nbd4 Bg4 14. h3 Bxf3
15. Nxf3 Qb8 16. Qe2 Bc7 17. Re1 Bb6 18. h4 Qc7 19. h5 Ne7 20. h6 g6 21. Bg5 c5
22. Nh2 d4 23. Qf3 Nd5 24. Ng4 f6 25. exf6 Qd6 26. c4 Ne7 27. f7+ Rxf7 28.
Qxa8+ Rf8 29. Qe4 Kf7 30. Bf4 1-0

[Event "Petrosian Memorial open 2012 Dimitrovgr"]
[Site " Dimitrovgrad"]
[Date "2012.06.17"]
[Round "3"]
[White "Beldyugin, Alexey"]
[Black "Akimov, Gennadiy"]
[Result "1-0"]
[WhiteElo "2033"]
[BlackElo "1925"]
[PlyCount "91"]

1. Nf3 f5 2. b3 Nf6 3. Bb2 e6 4. e3 Be7 5. Be2 O-O 6. O-O b6 7. Ne5 Bb7 8. Bf3
Qc8 9. d3 d6 10. Nc4 Nbd7 11. a4 e5 12. Bxb7 Qxb7 13. f4 exf4 14. Rxf4 Nd5 15.
Qf3 g6 16. Nc3 c6 17. Nxd5 cxd5 18. Rd4 Nf6 19. Na3 Qd7 20. Rxd5 Rac8 21. Rd4
d5 22. c4 Bc5 23. Rh4 dxc4 24. Nxc4 Rcd8 25. Bxf6 Rxf6 26. d4 Bf8 27. Rd1 h5
28. e4 Bg7 29. e5 Re6 30. Rd2 Bh6 31. Rd3 Qe7 32. Rh3 f4 33. Qe4 Bg7 34. Qxf4
Rf8 35. Qe3 Qc7 36. Rf3 Rfe8 37. h3 a6 38. d5 Rxe5 39. Nxe5 Rxe5 40. d6 Qd8 41.
Qf4 Qd7 42. Qc4+ Kh7 43. Qf7 Qd8 44. d7 Re7 45. Qxe7 Qxe7 46. d8=Q 1-0

[Event "Petrosian Memorial open 2012 Dimitrovgr"]
[Site " Dimitrovgrad"]
[Date "2012.06.17"]
[Round "3"]
[White "Bezvitelnov, Dmitriy"]
[Black "Plychek, Viktor"]
[Result "1/2-1/2"]
[WhiteElo "1796"]
[BlackElo "1823"]
[PlyCount "74"]

1. d4 d5 2. c4 e6 3. Nc3 Nf6 4. Bg5 Be7 5. Nf3 O-O 6. e3 b6 7. Be2 Bb7 8. O-O
Nbd7 9. Rc1 c5 10. Ne5 dxc4 11. Bxc4 Nxe5 12. dxe5 Nd7 13. Bxe7 Qxe7 14. f4 a6
15. a4 Rad8 16. Qb3 g6 17. Rcd1 h5 18. Rd6 Kg7 19. Rfd1 Qh4 20. Rxd7 Rxd7 21.
Rxd7 Qe1+ 22. Bf1 Qxe3+ 23. Kh1 Bc6 24. Rd1 Qxf4 25. Qxb6 Bxa4 26. Nxa4 Qxa4
27. b3 Qa2 28. Bc4 a5 29. Qxc5 Qc2 30. Qd4 Ra8 31. Qd3 Qb2 32. Qd4 Qxd4 33.
Rxd4 a4 34. bxa4 Rxa4 35. h4 Ra1+ 36. Kh2 Re1 37. Kg3 Rxe5 1/2-1/2

[Event "Petrosian Memorial open 2012 Dimitrovgr"]
[Site " Dimitrovgrad"]
[Date "2012.06.17"]
[Round "3"]
[White "Skulkin, Nikolay"]
[Black "Abbasov, Orudj"]
[Result "0-1"]
[WhiteElo "1772"]
[BlackElo "1717"]
[PlyCount "88"]

1. e4 c5 2. Nf3 d6 3. d4 cxd4 4. Nxd4 Nf6 5. Nc3 g6 6. Bc4 Bg7 7. Bb3 O-O 8. h3
Nc6 9. a3 Bd7 10. Be3 Rc8 11. Qd2 a6 12. Rd1 Qc7 13. Nxc6 Bxc6 14. f3 b5 15.
O-O Rfd8 16. Qf2 Rb8 17. g4 a5 18. Ba7 Rb7 19. Bd4 a4 20. Ba2 Rc8 21. Rfe1 e6
22. e5 dxe5 23. Bxe5 Qa5 24. Bd6 Nd7 25. Bb4 Qb6 26. Qxb6 Nxb6 27. Rd3 Nc4 28.
Red1 h6 29. Rd8+ Rxd8 30. Rxd8+ Kh7 31. Bxc4 bxc4 32. Kg2 g5 33. Rc8 Bd5 34.
Nxa4 Ra7 35. Nc3 Rd7 36. a4 Bb7 37. Rxc4 Rd2+ 38. Kf1 Rxc2 39. b3 Bxf3 40. a5
Be5 41. Nb5 Be2+ 42. Ke1 Bxc4 43. bxc4 Rxc4 44. Be7 Ra4 0-1

[Event "Petrosian Memorial open 2012 Dimitrovgr"]
[Site " Dimitrovgrad"]
[Date "2012.06.17"]
[Round "3"]
[White "Ishpulaeva, Veronika"]
[Black "Guliev, Fahrutdin"]
[Result "1-0"]
[WhiteElo "1623"]
[BlackElo "1783"]
[PlyCount "95"]

1. e4 e5 2. Nf3 d6 3. d4 exd4 4. Nxd4 h6 5. Bc4 Nf6 6. Nc3 Be7 7. O-O O-O 8. f4
c6 9. Qf3 d5 10. exd5 cxd5 11. Nxd5 Bc5 12. Be3 Nc6 13. Nxc6 Bxe3+ 14. Qxe3
bxc6 15. Ne7+ Kh8 16. Nxc6 Qc7 17. Ne5 Ng4 18. Nxg4 Qxc4 19. Qf3 Bxg4 20. Qxg4
Qxc2 21. Rf2 Qc5 22. Qe2 Rae8 23. Qc2 Qb6 24. Kh1 Re3 25. Re2 Rfe8 26. Rae1 Qd4
27. Rxe3 Rxe3 28. Rd1 Qf6 29. h3 Qe7 30. Qd2 Qe4 31. Qd4 Qe6 32. Qxa7 Re2 33.
Qd7 Qe4 34. Qd8+ Kh7 35. Qd3 Qxd3 36. Rxd3 Rxb2 37. Ra3 h5 38. Ra5 g6 39. a4 h4
40. Ra8 Rf2 41. a5 Rxf4 42. a6 Ra4 43. a7 Kg7 44. Kg1 Ra2 45. Kf1 Kf6 46. Ke1
Ke7 47. Kd1 Kd7 48. Rf8 1-0

[Event "Petrosian Memorial open 2012 Dimitrovgr"]
[Site " Dimitrovgrad"]
[Date "2012.06.17"]
[Round "3"]
[White "Koblik, Ekaterina"]
[Black "Turaev, Rahmon"]
[Result "1-0"]
[WhiteElo "1508"]
[BlackElo "1526"]
[PlyCount "64"]

1. e4 d5 2. exd5 Qxd5 3. Nc3 Qa5 4. Bc4 Nf6 5. Nf3 Bf5 6. d3 e6 7. Bd2 c6 8.
Ne4 Qc7 9. Nxf6+ gxf6 10. O-O Bg4 11. Qe2 Nd7 12. d4 Bd6 13. g3 O-O-O 14. Qe3
h5 15. Be2 Rdg8 16. Nh4 f5 17. Bxg4 hxg4 18. Ng2 Rh5 19. c4 Rgh8 20. Nh4 Be7
21. Qf4 Qxf4 22. Bxf4 Bxh4 23. gxh4 Rxh4 24. Rfe1 b6 25. Rac1 Rd8 26. Bg5 Rhh8
27. Bxd8 Rxd8 28. d5 Nc5 29. Red1 cxd5 30. cxd5 Kb7 31. dxe6 Rxd1+ 32. Rxd1
fxe6 1-0

[Event "Petrosian Memorial open 2012 Dimitrovgr"]
[Site " Dimitrovgrad"]
[Date "2012.06.17"]
[Round "3"]
[White "Lebedev, Viktor"]
[Black "Sychov, Vladimir"]
[Result "1-0"]
[WhiteElo "1719"]
[BlackElo "1539"]
[PlyCount "101"]

1. d4 e6 2. Nf3 Be7 3. Bf4 Nf6 4. h3 O-O 5. e3 d6 6. Bd3 h6 7. c4 Nbd7 8. O-O
c5 9. Nc3 a6 10. Qe2 b6 11. Rad1 Bb7 12. Bb1 g5 13. Bg3 Qc8 14. Rfe1 Kg7 15. e4
Ne8 16. Qd3 f5 17. exf5 Rxf5 18. Rxe6 Bf6 19. Qxf5 Nf8 20. Rxf6 Nxf6 21. Qxc8
Rxc8 22. d5 Rd8 23. Re1 Kf7 24. Bf5 Nh5 25. Be6+ Kg6 26. Bg4 Nxg3 27. fxg3 Kf7
28. h4 gxh4 29. gxh4 Bc8 30. Bxc8 Rxc8 31. Ne4 Rd8 32. g4 Ng6 33. h5 Nf4 34. g5
Nh3+ 35. Kh2 Nxg5 36. Nfxg5+ hxg5 37. Nxg5+ Kf6 38. Ne6 Rh8 39. Rf1+ Ke7 40.
Nf4 Rh6 41. Kg3 b5 42. b3 Kf6 43. Kg4 Ke5 44. Kg5 Rh7 45. Kg6 Rh8 46. h6 Kd4
47. h7 bxc4 48. bxc4 Kxc4 49. Kg7 Rd8 50. h8=Q Rxh8 51. Kxh8 1-0

[Event "Petrosian Memorial open 2012 Dimitrovgr"]
[Site " Dimitrovgrad"]
[Date "2012.06.23"]
[Round "4"]
[White "Beldyugin, Alexey"]
[Black "Yakimkin, Igor"]
[Result "1/2-1/2"]
[WhiteElo "2033"]
[BlackElo "2240"]
[PlyCount "102"]

1. Nf3 Nf6 2. b3 c5 3. Bb2 Nc6 4. e3 Qc7 5. Bb5 d6 6. d4 cxd4 7. Nxd4 Bd7 8.
O-O e5 9. Nxc6 bxc6 10. Be2 Be7 11. c4 O-O 12. Nc3 Be6 13. Rc1 Rad8 14. e4 Qb8
15. Ba3 Ne8 16. Bg4 Nf6 17. Bxe6 fxe6 18. Qe2 Rf7 19. f4 exf4 20. Rxf4 Qb6+ 21.
Kh1 e5 22. Rff1 Qa6 23. Bb2 Rdf8 24. g3 Qc8 25. Kg2 Qe6 26. Rce1 h5 27. Bc1 Ng4
28. Rxf7 Rxf7 29. Rf1 Rxf1 30. Qxf1 Nh6 31. Qf3 Qg6 32. Nd1 h4 33. Nf2 Bg5 34.
Be3 Bxe3 35. Qxe3 Ng4 36. Qxa7 Nxf2 37. Kxf2 Qxe4 38. Qb8+ Kh7 39. Qxd6 Qc2+
40. Ke3 Qxh2 41. gxh4 Qg3+ 42. Ke2 Qg2+ 43. Ke1 Qh1+ 44. Ke2 e4 45. Qf4 Qb1 46.
Qf5+ g6 47. Qd7+ Kh6 48. Qxc6 Qd3+ 49. Ke1 Qe3+ 50. Kd1 Qd3+ 51. Ke1 Qe3+
1/2-1/2